000
00307nam a22001337a 4500
008
181011b xxu||||| |||| 00| 0 eng d
020
_a
639785302025
041
_a
eng
080
_a
330.322
100
_a
51
101
_a
INV
245
_a
Introduction to Technical Analysis
_c
Pring,M.J
942
_2
udc
_c
BK
999
_c
49393
_d
49393